000 00492nam a2200181Ia 4500
001 10589
005 20260306161843.0
008 260306t1970||||xx |||||||||||||| ||spa||
041 _aESP
082 _a942.013
_bM65
100 _aMisiego, Micaela
_eAUT
245 0 _aLos orígenes de la civilización Anglosajona:
_b(desde el siglo VI hasta la batalla de Hastings)
260 _c1970
300 _a295 páginas :
_c24 cm.
650 _aGEN
654 _aCHU
942 _cLIB
_dJUS
_fJUS
_2ddc
_n
999 _c10589
_d10589